New essays in philosophical theology /

Bibliographic Details
Other Authors: Flew, Antony, 1923-2010, MacIntyre, Alasdair C.
Format: Book
Language:English
Published: New York : Macmillan, [1955]
Series:Library of philosophy and theology.
Subjects:

MARC

Tag First Indicator Second Indicator Subfields
LEADER 00000cam a2200000 a 4500
001 in00000086541
005 20151008064546.0
008 770504s1955 nyu b 00100 engmd
035 |a (OCoLC)02941283 
035 |9 AAK4401AM 
040 |a DMM  |c DMM  |d m.c.  |d TXA  |d UtOrBLW 
049 |a TXAM  |c [1195498] 
090 |a BT40  |b .N5 1955a 
092 |a 230.04  |b F618N 
245 0 0 |a New essays in philosophical theology /  |c edited by Antony Flew, Alasdair MacIntyre. 
264 1 |a New York :  |b Macmillan,  |c [1955] 
264 4 |c ©1955 
300 |a xii, 274 pages ;  |c 23 cm. 
336 |a text  |b txt  |2 rdacontent 
337 |a unmediated  |b n  |2 rdamedia 
338 |a volume  |b nc  |2 rdacarrier 
490 1 |a The Library of philosophy and theology 
504 |a Includes bibliographical references and index. 
650 0 |a Philosophy and religion. 
650 0 |a Christianity  |x Philosophy. 
700 1 |a Flew, Antony,  |d 1923-2010. 
700 1 |a MacIntyre, Alasdair C. 
830 0 |a Library of philosophy and theology. 
999 |a MARS 
999 f f |s 25336b98-3eac-396a-878a-9948ddf1e86f  |i 29acaa06-3996-3606-b253-e512fe285770  |t 0 
952 f f |p ric  |a Texas A&M University  |b Rellis Campus  |c Joint Library Facility  |d Remote Storage  |t 0  |e BT40 .N5 1955a  |h Library of Congress classification  |i unmediated -- volume  |m A14806091860 
998 f f |a BT40 .N5 1955a  |t 0  |l Remote Storage